[Event "Porto San Giorgio op 23rd"]
[Site "Porto San Giorgio"]
[Date "2011.08.23"]
[Round "4"]
[White "Reif, Werner"]
[Black "Mastroddi, Giuseppe"]
[Result "1/2-1/2"]
[WhiteElo "1848"]
[BlackElo "1732"]
[PlyCount "38"]
[EventDate "2011.08.21"]
[EventType "swiss"]
[EventRounds "9"]
[EventCountry "ITA"]
[SourceTitle "CBM 144 Extra"]
[Source "ChessBase"]
[SourceDate "2011.10.28"]
[SourceVersion "1"]
[SourceVersionDate "2011.10.28"]
[SourceQuality "1"]

1. d4 Nf6 2. Nf3 g6 3. Nc3 Bg7 4. e4 d6 5. Be3 0-0 6. Qd2 Nbd7 7. Bh6 c5 8. Bxg7 Kxg7 9. e5 Ne8 10. exd6 exd6 11. 0-0-0 Nef6 12. dxc5 dxc5 13. Ne5 Qc7 14. Nc4 a6 15. Nd5 Nxd5 16. Qxd5 Nf6 17. Qd6 Qxd6 18. Nxd6 Rb8 19. Nxc8 Rbxc8 1/2-1/2

[Event "Rome Autunno Accademia op"]
[Site "Rome"]
[Date "2007.10.13"]
[Round "2"]
[White "Mastroddi, Giuseppe"]
[Black "Mazza, Maurizio"]
[Result "0-1"]
[WhiteElo "1799"]
[BlackElo "1752"]
[PlyCount "114"]
[EventDate "2007.10.12"]
[EventType "swiss"]
[EventRounds "5"]
[EventCountry "ITA"]
[SourceTitle "EXT 2010"]
[Source "ChessBase"]
[SourceDate "2010.11.25"]
[SourceVersion "1"]
[SourceVersionDate "2010.11.25"]
[SourceQuality "1"]

1. d4 Nf6 2. Nf3 e6 3. e3 d5 4. Bd3 Nbd7 5. Nbd2 Bd6 6. e4 dxe4 7. Nxe4 Nxe4 8. Bxe4 Nf6 9. Bd3 h6 10. c3 c6 11. 0-0 0-0 12. Re1 Qc7 13. h3 b6 14. Bc2 Bb7 15. Qd3 Rfd8 16. Qe2 Rac8 17. Ne5 c5 18. Ng4 Nxg4 19. Qxg4 Kh8 20. Qh4 Be7 21. Qh5 Rd5 22. Qxf7 cxd4 23. Qg6 d3 24. Bxd3 Rxd3 25. Qxd3 Qc6 26. f3 Bh4 27. Re2 Rd8 28. Qc2 Ba6 29. Re4 Bd3 30. Qb3 Bxe4 31. fxe4 Qxe4 32. Bxh6 gxh6 33. c4 Rg8 34. Qc3+ e5 35. Qd2 Bg5 36. Qd5 Be3+ 37. Kh1 Qxd5 38. cxd5 Rd8 39. Rd1 Bd4 40. b3 Rxd5 41. g4 Rc5 42. Rd2 Rc3 43. Kg2 Kg7 44. h4 b5 45. g5 hxg5 46. hxg5 Kg6 47. Kf1 Kxg5 48. Rg2+ Kf4 49. Rg7 Rc2 50. a4 bxa4 51. bxa4 Ra2 52. a5 e4 53. Rd7 Ke3 54. Rd5 Kd3 55. Rf5 e3 56. Rh5 Rf2+ 57. Ke1 Bc3+ 0-1